Dictionary of archaeological terms : English-Italian/Italian-English = Dizionario di termini archaeologici : Inglese-Italiano/Italiano-Inglese /

This concise dictionary is intended to be helpful in the reading of archaeological books and publications, and in the writing of papers and articles in both English and Italian. The aim of this work is to help, in particular, students and on-site archaeologists to find quickly a word relating to a s...

وصف كامل

محفوظ في:

المؤلف الرئيسي: Vianello, Andrea, 1975- (مؤلف)

التنسيق: كتاب الكتروني

اللغة: English
Italian

منشور في: Oxford : Archaeopress, 2012.

الموضوعات:

الوصول للمادة أونلاين: Login to view Source

الوسوم: إضافة وسم

لا توجد وسوم, كن أول من يضع وسما على هذه التسجيلة!

رقم الطلب:

LEADER 02017nam a2200397 i 4500
001 EDZ0002773302
003 StDuBDS
005 20230412182500.0
006 m|||||o||d||||||||
007 cr |||||||||||
008 220527s2012 enk fo 000|0|eng|d
020 |a 9781789691627 (ebook) :  |c No price 
040 |a StDuBDS  |b eng  |c StDuBDS  |e rda  |e pn 
041 0 |a eng  |a ita 
082 0 4 |a 930.103  |2 23 
100 1 |a Vianello, Andrea,  |d 1975-  |e author. 
245 1 0 |a Dictionary of archaeological terms :  |b English-Italian/Italian-English = Dizionario di termini archaeologici : Inglese-Italiano/Italiano-Inglese /  |c Andrea Vianello. 
246 3 1 |a Dizionario di termini archaeologici 
264 1 |a Oxford :  |b Archaeopress,  |c 2012. 
300 |a 1 online resource (124 pages) 
336 |a text  |2 rdacontent 
337 |a computer  |2 rdamedia 
338 |a online resource  |2 rdacarrier 
500 |a Also issued in print: 2012. 
520 8 |a This concise dictionary is intended to be helpful in the reading of archaeological books and publications, and in the writing of papers and articles in both English and Italian. The aim of this work is to help, in particular, students and on-site archaeologists to find quickly a word relating to a specific period, a specific area or a research field, in a book easy to carry everywhere; but this dictionary is also intended for those with a general interest in archaeology wishing to broaden their vocabulary. 
521 |a Specialized. 
588 |a Description based on print version record. 
650 0 |a Archaeology  |v Dictionaries. 
650 0 |a Archaeology  |v Dictionaries  |x Italian. 
650 0 |a Italian language  |v Dictionaries  |x English. 
650 0 |a English language  |v Dictionaries  |x Italian. 
776 0 8 |i Print version :  |z 9781905739493 
856 4 0 |3 Archaeopress  |u http://library.arce.org:8087/Archaeopress/Products/9781905739493 
942 |2 lcc  |c EBOOK 
952 |0 0  |1 0  |4 0  |7 1  |9 46530  |a ARCH  |b ARCH  |d 2023-04-12  |l 0  |r 2023-04-12 00:00:00  |w 2023-04-12  |y EBOOK 
999 |c 52188  |d 52188